Normal view
MARC view
Entry Personal Name
001 - CONTROL NUMBER
- control field: 19283
003 - CONTROL NUMBER IDENTIFIER
- control field: ARRUPE
005 - DATE AND TIME OF LATEST TRANSACTION
- control field: 20150904105639.0
008 - FIXED-LENGTH DATA ELEMENTS
- fixed length control field: 150904|| aca||aabn | a|a d
040 ## - CATALOGING SOURCE
- Original cataloging agency: ARRUPE
- Transcribing agency: ARRUPE
100 ## - HEADING--PERSONAL NAME
- Personal name: Tester, S. J.
- Fuller form of name: (S. Jim)
670 ## - SOURCE DATA FOUND
- Source citation: Work cat.: (ARRUPE)0: Tester, S. J. (S. Jim), A history of western astrology /, 1987.